<?xml version="1.0" encoding="UTF-8"?>
<record
    xmlns:xsi="http://www.w3.org/2001/XMLSchema-instance"
    xsi:schemaLocation="http://www.loc.gov/MARC21/slim http://www.loc.gov/standards/marcxml/schema/MARC21slim.xsd"
    xmlns="http://www.loc.gov/MARC21/slim">

  <leader>01178nam a2200217Ia 4500</leader>
  <datafield tag="952" ind1=" " ind2=" ">
    <subfield code="0">0</subfield>
    <subfield code="1">0</subfield>
    <subfield code="4">0</subfield>
    <subfield code="7">0</subfield>
    <subfield code="a">11</subfield>
    <subfield code="b">11</subfield>
    <subfield code="d">2009-01-30</subfield>
    <subfield code="l">3</subfield>
    <subfield code="o">N72 S6 G6618 2003</subfield>
    <subfield code="p">11 007673</subfield>
    <subfield code="r">2015-12-01</subfield>
    <subfield code="s">2015-12-01</subfield>
    <subfield code="t">1</subfield>
    <subfield code="w">2012-06-26</subfield>
    <subfield code="y">LB</subfield>
  </datafield>
  <datafield tag="999" ind1=" " ind2=" ">
    <subfield code="c">72104</subfield>
    <subfield code="d">72104</subfield>
  </datafield>
  <controlfield tag="008">120626s1999    mx a          000 0 spa d</controlfield>
  <datafield tag="020" ind1=" " ind2=" ">
    <subfield code="a">968166955X</subfield>
  </datafield>
  <datafield tag="050" ind1=" " ind2=" ">
    <subfield code="a">N72 S6 </subfield>
    <subfield code="b">G6618 2003</subfield>
  </datafield>
  <datafield tag="100" ind1=" " ind2=" ">
    <subfield code="a">Gombrich, E. H.</subfield>
    <subfield code="d">, 1909-2001</subfield>
    <subfield code="e">autor</subfield>
    <subfield code="q">(Ernst Hans)</subfield>
  </datafield>
  <datafield tag="240" ind1=" " ind2=" ">
    <subfield code="a"> The uses of images</subfield>
    <subfield code="l">Espa&#xF1;ol</subfield>
  </datafield>
  <datafield tag="245" ind1=" " ind2=" ">
    <subfield code="a">Los usos de las im&#xE1;genes</subfield>
    <subfield code="b">: estudios sobre la funci&#xF3;n social del arte y la comunicaci&#xF3;n visual </subfield>
    <subfield code="c">/ E. H. Gombrich</subfield>
  </datafield>
  <datafield tag="260" ind1=" " ind2=" ">
    <subfield code="a">M&#xE9;xico</subfield>
    <subfield code="b">: Fondo de Cultura Econ&#xF3;mica</subfield>
    <subfield code="c">, 1999</subfield>
  </datafield>
  <datafield tag="300" ind1=" " ind2=" ">
    <subfield code="a">304 p&#xE1;ginas</subfield>
    <subfield code="b">: ilustraciones</subfield>
  </datafield>
  <datafield tag="500" ind1=" " ind2=" ">
    <subfield code="a">T&#xED;tulo original:  The uses of images</subfield>
  </datafield>
  <datafield tag="500" ind1=" " ind2=" ">
    <subfield code="a">Incluye: Sumario, Introducci&#xF3;n, Notas, Indice, Cr&#xE9;ditos fotogr&#xE1;ficos</subfield>
  </datafield>
  <datafield tag="505" ind1=" " ind2=" ">
    <subfield code="a">Pinturas en las paredes  
Pinturas para los altares  
Las im&#xE1;genes como objetos de lujo  
Cuadros para el hogar  
Esculturas para exteriores  
El sue&#xF1;o de la raz&#xF3;n  
Magia, mito y met&#xE1;fora 
Los placeres del aburrimiento 
Instrucciones gr&#xE1;ficas  
Estilos art&#xED;sticos y estilos de vida  
Lo que el arte nos dice  </subfield>
  </datafield>
  <datafield tag="519" ind1=" " ind2=" ">
    <subfield code="a">Material Complementario /  </subfield>
    <subfield code="b">Dise&#xF1;o y comunicaci&#xF3;n visual / </subfield>
    <subfield code="d">(11 007673)  </subfield>
  </datafield>
  <datafield tag="650" ind1=" " ind2="0">
    <subfield code="a">ARTE</subfield>
    <subfield code="x">PSICOLOG&#xCD;A</subfield>
  </datafield>
  <datafield tag="650" ind1=" " ind2="0">
    <subfield code="a">ARTE</subfield>
    <subfield code="x">SOCIEDAD</subfield>
  </datafield>
  <datafield tag="942" ind1=" " ind2=" ">
    <subfield code="c">LB</subfield>
  </datafield>
</record>
